MARC

LEADER 00000nam0a2200000 4500
001 298896
005 20231102001141.0
020 |a RU  |b 82-69218 
035 |a (RuTPU)RU\TPU\book\324047 
090 |a 298896 
100 |a 20150623d1982 km y0rusy5003 ca 
101 0 |a rus 
102 |a RU 
105 |a y z 001zy 
200 1 |a Закономерности развития колхозно-кооперативной собственности в условиях зрелого социализма  |f П. И. Гусев  |g Академия наук СССР (АН СССР), Институт экономики (ИЭ) 
210 |a Москва  |c Наука  |d 1982 
215 |a 167 с. 
225 1 |a Проблемы советской экономики 
320 |a Библиография в ссылках. 
606 1 |a Кооперативно-колхозная собственность  |2 stltpush  |3 (RuTPU)RU\TPU\subj\36309  |9 57734 
610 1 |a развитой социализм 
610 1 |a колхозы 
610 1 |a кооперация 
610 1 |a качественные изменения 
610 1 |a общенародная собственность 
610 1 |a государственная поддержка 
686 |a У013.743  |2 rubbk 
700 1 |a Гусев  |b П. И.  |g Петр Иванович 
712 0 2 |a Академия наук СССР (АН СССР)  |b Институт экономики (ИЭ)  |c (Москва)  |2 stltpush  |3 (RuTPU)RU\TPU\col\11342 
801 0 |a RU  |b RuMRKP  |c 19950704  |g psbo 
801 1 |a RU  |b 63413507  |c 20150623 
801 2 |a RU  |b 63413507  |c 20190205  |g RCR 
942 |c BK